BİN MUHTEŞEM GÜNEŞ (Record no. 712987)

MARC details
000 -LEADER
sabit uzunluktaki kontrol alanı 00248nam a2200097Ia 4500
001 - KONTROL NUMARASI
kontrol alanı 712987
005 - EN SON İŞLEMİN TARİH VE ZAMANI
kontrol alanı 20250826162837.0
008 - SABİT-UZUNLUKTA VERİ ÖĞELERİ--GENEL BİLGİ
sabit uzunluktaki kontrol alanı 250824s9999 xx 000 0 und d
245 #0 - ESER / YAZAR
ESER ADI BİN MUHTEŞEM GÜNEŞ
Yazar Adı KHALED HOSSEINI
260 ## - YAYIN, DAĞITIM, VB.
YAYIN EVİ EVEREST YAYINLARI
Holdings
Düşüm durumu Kayıp durumu Hasar Durumu Ödünç verilmez Ana kütüphane Geçerli Kütüphane Edinilen tarih Toplam ödünç verme sayısı Barkod Son görüntüleme tarihi Son ödünç verme tarihi Fiyatın geçerli olmaya başladığı tarih Koha materyal türü
        SELÇUKLU FEN LİSESİ SELÇUKLU FEN LİSESİ 24.08.2025 1 10301609 20.04.2026 12.03.2026 26.08.2025 Books